00946nam a2200277 a 4500001000900000005001700009008004100026041000800067044000700075050002000082100003300102245007600135260003700211300004400248440003300292500001100325500004500336504002900381651004000410651003200450700003100482902000800513942001100521999001700532952011900549BRL_121620190320211104.0021213s1974----it-a######---#000-0#spa-# aspa ait 4aDG63b.D35 19741 aDal Maso, Leonardo B.92615110aRoma de los CesarescLeonardo Dal Maso ; traducción de Enrica Errera. aItaliabBonechi-Il Turismoc1974 a[128] p.bil. (algunas a color)c27 cm. 0aItalia Artísticav8926152 aAu1408 aIncluye índice de lugares y monumentos aBibliografía: p. [128] 4aRomaxDescripción y viajes926153 4aRomaxAntigüedades9261541 aErrera, Enricaetr.926155 aGRL 2lcccB c10028d10028 00104070aBRLbBRLd2013-12-02iAu1408l0oDG63 .D35 1974 (Au1408)pGRL01333r2019-03-22 00:00:00w2019-03-22yB